[Event "EU-ch 23rd"]
[Site "Vrnjacka Banja"]
[Date "2023.03.06"]
[Round "4"]
[White "Gikas, Andreas Basilius"]
[Black "Roebers, Eline"]
[Result "0-1"]
[WhiteElo "2157"]
[BlackElo "2362"]
[PlyCount "57"]
[EventDate "2023.03.03"]
[EventType "swiss"]
[EventRounds "11"]
[EventCountry "SRB"]
[SourceTitle "CBM 213"]
[Source "ChessBase"]
[SourceDate "2023.04.30"]
[SourceVersion "1"]
[SourceVersionDate "2023.04.30"]
[SourceQuality "1"]

1. e4 e6 2. d4 d5 3. Nc3 Bb4 4. e5 c5 5. Qg4 Ne7 6. dxc5 Nbc6 7. Bd2 Bxc5 8. Nf3 Ng6 9. Qh5 Qb6 10. 0-0-0 Bxf2 11. Bd3 Bd7 12. Rhf1 Nb4 13. Bxg6 fxg6 14. Qg4 Rc8 15. Rxf2 Rxc3 16. Qxb4 Qxb4 17. Bxc3 Qf4+ 18. Kb1 0-0 19. a3 g5 20. Bd2 Qg4 21. Bb4 Rf7 22. Rdf1 h6 23. Re1 Qh5 24. h3 g4 25. hxg4 Qxg4 26. Rd2 Be8 27. Nd4 Rf4 28. Bc3 Bg6 29. b3 0-1

[Event "EU-ch 23rd"]
[Site "Vrnjacka Banja"]
[Date "2023.03.04"]
[Round "2"]
[White "Gikas, Andreas Basilius"]
[Black "Socko, Bartosz"]
[Result "0-1"]
[WhiteElo "2157"]
[BlackElo "2618"]
[PlyCount "54"]
[EventDate "2023.03.03"]
[EventType "swiss"]
[EventRounds "11"]
[EventCountry "SRB"]
[SourceTitle "CBM 213"]
[Source "ChessBase"]
[SourceDate "2023.04.30"]
[SourceVersion "1"]
[SourceVersionDate "2023.04.30"]
[SourceQuality "1"]

1. e4 e6 2. d4 d5 3. Nc3 Bb4 4. e5 c5 5. Qg4 Ne7 6. dxc5 Nbc6 7. Bd2 0-0 8. Nf3 f6 9. exf6 Rxf6 10. 0-0-0 e5 11. Qh5 Bf5 12. Bg5 Bxc3 13. Bxf6 gxf6 14. bxc3 Qa5 15. Nh4 Be6 16. Rd3 Rf8 17. Rg3+ Kh8 18. Qh6 Rf7 19. Be2 Qxa2 20. Kd2 Na5 21. Rd1 Nb3+ 22. Ke1 Qxc2 23. Bd3 Qxc3+ 24. Kf1 Qd4 25. Bc2 Qc4+ 26. Bd3 Qf4 27. Qxf4 exf4 0-1

[Event "Mittelrhein Regionalliga 16/17"]
[Site "Nordrheinwestfalen"]
[Date "2017.01.29"]
[Round "7.6"]
[White "Schott, Helmut"]
[Black "Gikas, Andreas Basilius"]
[Result "0-1"]
[WhiteElo "1728"]
[BlackElo "2155"]
[PlyCount "80"]
[EventDate "2016.09.11"]
[EventType "team-tourn"]
[EventRounds "11"]
[EventCountry "GER"]
[SourceTitle "EXT 2022"]
[Source "ChessBase"]
[SourceDate "2021.10.06"]
[SourceVersion "1"]
[SourceVersionDate "2021.10.06"]
[SourceQuality "1"]
[WhiteTeam "Dormagen SV"]
[BlackTeam "Bonn Beuel"]
[WhiteTeamCountry "GER"]
[BlackTeamCountry "GER"]

1. Nf3 d5 2. g3 Nf6 3. Bg2 c6 4. 0-0 Bf5 5. d3 e6 6. Re1 h6 7. Nbd2 Bh7 8. b3 Bc5 9. Bb2 0-0 10. e4 dxe4 11. Nxe4 Nxe4 12. dxe4 Qb6 13. Re2 Rd8 14. Qe1 Bb4 15. c3 Bf8 16. Rd1 Na6 17. Ne5 Qc7 18. Nc4 Nc5 19. Red2 b5 20. Na3 Rxd2 21. Rxd2 Rd8 22. Nb1 Rxd2 23. Nxd2 Qd7 24. Bf1 Nd3 25. Bxd3 Qxd3 26. Kg2 Bc5 27. f3 Be3 28. Bc1 Qxc3 29. Qd1 Bg6 30. g4 f5 31. exf5 exf5 32. h3 fxg4 33. hxg4 a5 34. Kf1 Bc2 35. Qe1 Bxd2 36. Qxd2 Qxf3+ 37. Ke1 Qh1+ 38. Kf2 Qh2+ 39. Ke1 Qg1+ 40. Ke2 Qxg4+ 0-1

[Event "Mittelrhein Regionalliga 16/17"]
[Site "Nordrheinwestfalen"]
[Date "2016.09.11"]
[Round "1.6"]
[White "Gikas, Andreas Basilius"]
[Black "Kloss, Henning"]
[Result "1/2-1/2"]
[WhiteElo "2152"]
[BlackElo "2148"]
[PlyCount "119"]
[EventDate "2016.09.11"]
[EventType "team-tourn"]
[EventRounds "11"]
[EventCountry "GER"]
[SourceTitle "EXT 2022"]
[Source "ChessBase"]
[SourceDate "2021.10.06"]
[SourceVersion "1"]
[SourceVersionDate "2021.10.06"]
[SourceQuality "1"]
[WhiteTeam "Bonn Beuel"]
[BlackTeam "Koeln Lasker"]
[WhiteTeamCountry "GER"]
[BlackTeamCountry "GER"]

1. e4 e6 2. d4 d5 3. Nc3 Bb4 4. e5 Ne7 5. a3 Bxc3+ 6. bxc3 c5 7. a4 Nbc6 8. Nf3 Qa5 9. Bd2 Bd7 10. Bb5 c4 11. 0-0 f6 12. Qe2 0-0-0 13. Rfb1 Qc7 14. Bc1 fxe5 15. Bxc6 Nxc6 16. Nxe5 Nxe5 17. Bf4 Nf3+ 18. Qxf3 Rdf8 19. Bxc7 Rxf3 20. gxf3 Kxc7 21. a5 Rf8 22. Kg2 Rf6 23. h4 Be8 24. Re1 Bg6 25. Ra2 Bh5 26. f4 Bg4 27. Rb2 Kc8 28. Kg3 h5 29. Re5 Bf5 30. Kf3 Bg4+ 31. Ke3 Bf5 32. Kd2 g6 33. Rb1 Bg4 34. Rg5 Bf5 35. f3 Rf7 36. Rbg1 Kd7 37. Kc1 Kd6 38. Kb2 Rf6 39. R5g2 Rf7 40. Ka3 Rf6 41. Kb4 Rf7 42. Kb5 Rf6 43. Re2 Rf7 44. Rh2 Rf6 45. Rhg2 Rf7 46. Re1 Rf6 47. Re5 Rf7 48. Re1 Rf8 49. Rb1 Rf7 50. Rb2 Rf8 51. Ka4 Rf7 52. Rb5 Kc6 53. Rc5+ Kd7 54. Ka3 Rf8 55. Kb2 Rf7 56. Kc1 Rf8 57. Kd2 Rb8 58. Rg1 Ra8 59. Rb1 Rb8 60. Rb2 1/2-1/2

[Event "Mittelrhein Regionalliga 15/16"]
[Site "Nordrheinwestfalen"]
[Date "2015.11.15"]
[Round "3.5"]
[White "Gikas, Andreas Basilius"]
[Black "Hemmann, Arnold"]
[Result "1/2-1/2"]
[WhiteElo "2177"]
[BlackElo "2108"]
[PlyCount "81"]
[EventDate "2015.09.27"]
[EventType "team-tourn"]
[EventRounds "9"]
[EventCountry "GER"]
[SourceTitle "EXT 2022"]
[Source "ChessBase"]
[SourceDate "2021.10.06"]
[SourceVersion "1"]
[SourceVersionDate "2021.10.06"]
[SourceQuality "1"]
[WhiteTeam "Bonn Beuel"]
[BlackTeam "Godesberg II"]
[WhiteTeamCountry "GER"]
[BlackTeamCountry "GER"]

1. e4 c5 2. Nf3 Nf6 3. e5 Nd5 4. Nc3 Nxc3 5. bxc3 d5 6. d4 e6 7. Bd3 cxd4 8. cxd4 Bb4+ 9. Bd2 Bxd2+ 10. Qxd2 b6 11. Qe2 Qe7 12. 0-0 Qa3 13. Qe3 Qe7 14. Bb5+ Bd7 15. a4 0-0 16. Bd3 h6 17. c4 Bc6 18. Rfc1 dxc4 19. Bxc4 Qd7 20. Bd3 Bd5 21. Nd2 Nc6 22. Ne4 Qe7 23. Nf6+ gxf6 24. Qxh6 f5 25. Rc3 Nxd4 26. Bb5 Nf3+ 27. gxf3 f6 28. f4 Qh7 29. Qxh7+ Kxh7 30. f3 fxe5 31. fxe5 Rf7 32. Kf2 Rg8 33. Rac1 Rgg7 34. Bc6 Bxc6 35. Rxc6 Re7 36. f4 Kg8 37. Rc8+ Kf7 38. R8c7 Kg8 39. Rc8+ Kf7 40. R8c7 Kg8 41. Rc8+ 1/2-1/2

[Event "GER-chT Betriebe 15th"]
[Site "Munich"]
[Date "2015.10.23"]
[Round "4.2"]
[White "Moufang, Rainer"]
[Black "Gikas, Andreas Basilius"]
[Result "0-1"]
[WhiteElo "2304"]
[BlackElo "2208"]
[PlyCount "82"]
[EventDate "2015.10.22"]
[EventType "team-swiss"]
[EventRounds "7"]
[EventCountry "GER"]
[SourceTitle "EXT 2020"]
[Source "ChessBase"]
[SourceDate "2019.10.17"]
[SourceVersion "1"]
[SourceVersionDate "2019.10.17"]
[SourceQuality "1"]
[WhiteTeam "Muenchen EPA"]
[BlackTeam "Bonn Deutsche Post"]
[WhiteTeamCountry "GER"]
[BlackTeamCountry "GER"]

1. d4 d5 2. Nf3 c6 3. Bf4 Qb6 4. Qc1 Bg4 5. Ne5 Bf5 6. e3 f6 7. Nf3 g5 8. Bg3 h5 9. h4 g4 10. Nfd2 e6 11. a4 a5 12. c4 Qd8 13. Nc3 Na6 14. Be2 Nb4 15. 0-0 Bh6 16. cxd5 exd5 17. Ra3 Ne7 18. Na2 Nxa2 19. Rxa2 0-0 20. Qc3 Bg6 21. Bd3 Bxd3 22. Qxd3 Qd7 23. Rd1 Nf5 24. Nf1 Rfe8 25. b4 axb4 26. Rb1 Bf8 27. f3 Bh6 28. Re1 gxf3 29. gxf3 Kh8 30. Rg2 Rg8 31. Kh2 Rxa4 32. Ree2 Ra1 33. Re1 Ra3 34. Qd2 b3 35. Rb1 Ra2 36. Rb2 Bxe3 37. Nxe3 Rxb2 38. Qxb2 Nxe3 39. Rg1 Qf5 40. Qxb3 Qxf3 41. Qb1 Rxg3 0-1

[Event "GER-chT Betriebe 15th"]
[Site "Munich"]
[Date "2015.10.22"]
[Round "1.2"]
[White "Gikas, Andreas Basilius"]
[Black "Stark, Rainer"]
[Result "0-1"]
[WhiteElo "2208"]
[BlackElo "2090"]
[PlyCount "112"]
[EventDate "2015.10.22"]
[EventType "team-swiss"]
[EventRounds "7"]
[EventCountry "GER"]
[SourceTitle "EXT 2020"]
[Source "ChessBase"]
[SourceDate "2019.10.17"]
[SourceVersion "1"]
[SourceVersionDate "2019.10.17"]
[SourceQuality "1"]
[WhiteTeam "Bonn Deutsche Post"]
[BlackTeam "Bonn Deutscher Bundestag"]
[WhiteTeamCountry "GER"]
[BlackTeamCountry "GER"]

1. e4 c6 2. d4 d5 3. e5 Bf5 4. h4 h6 5. g4 Bd7 6. h5 e6 7. f4 c5 8. c3 cxd4 9. cxd4 Qb6 10. Nc3 Bb4 11. Nf3 Bb5 12. Bg2 Ne7 13. Be3 Bxc3+ 14. bxc3 Qc7 15. Kf2 Qxc3 16. Rb1 Qc6 17. Qb3 Bc4 18. Qxb7 Qxb7 19. Rxb7 Nbc6 20. Nd2 Na5 21. Rc7 Rc8 22. Rxa7 Nec6 23. Nxc4 Nxc4 24. Rb7 0-0 25. Rhb1 Ra8 26. Rc7 Rxa2+ 27. Kf3 Nxe3 28. Kxe3 Rxg2 29. Rxc6 Rxg4 30. Rbc1 Rh4 31. Rc8 Rh3+ 32. Ke2 Rxh5 33. Rxf8+ Kxf8 34. Rc8+ Ke7 35. Rc7+ Ke8 36. Rc8+ Kd7 37. Rf8 Ke7 38. Rg8 g5 39. fxg5 Rxg5 40. Rh8 h5 41. Ke3 Rf5 42. Ra8 Rf1 43. Rb8 Rf5 44. Ra8 Rg5 45. Rh8 Kd7 46. Rh7 Ke8 47. Rh8+ Ke7 48. Ra8 Rg4 49. Rh8 Re4+ 50. Kd3 h4 51. Ra8 Rg4 52. Rh8 Rg3+ 53. Ke2 h3 54. Kf2 Rd3 55. Rh4 Kf8 56. Rg4 h2 0-1

[Event "Mittelrhein Regionalliga 1415"]
[Site "Mittelrhein"]
[Date "2015.03.15"]
[Round "8.5"]
[White "Kathstede, Gerd"]
[Black "Gikas, Andreas Basilius"]
[Result "0-1"]
[WhiteElo "1946"]
[BlackElo "2139"]
[PlyCount "190"]
[EventDate "2014.09.28"]
[EventType "team-tourn"]
[EventRounds "9"]
[EventCountry "GER"]
[SourceTitle "EXT 2023"]
[Source "ChessBase"]
[SourceDate "2022.10.05"]
[SourceVersion "1"]
[SourceVersionDate "2022.10.05"]
[SourceQuality "1"]
[WhiteTeam "Aachen DJK Aufwaerts III"]
[BlackTeam "Bonn Beuel"]
[WhiteTeamCountry "GER"]
[BlackTeamCountry "GER"]

1. d4 d5 2. c4 dxc4 3. e3 Be6 4. Nf3 c6 5. Qc2 Nf6 6. Bxc4 Bxc4 7. Qxc4 Qa5+ 8. Bd2 Qa6 9. Qxa6 Nxa6 10. Nc3 e6 11. 0-0 Nc7 12. e4 Bb4 13. Rfe1 0-0 14. a3 Be7 15. Bf4 Rac8 16. b4 Rfd8 17. Bxc7 Rxc7 18. e5 Nd5 19. Ne4 a5 20. bxa5 Ra8 21. Reb1 Rxa5 22. Nd6 b5 23. Rc1 Ra6 24. Nd2 Bg5 25. N6e4 Bxd2 26. Nxd2 Ra4 27. Nb3 Nb6 28. g3 h6 29. h4 Nc4 30. Nc5 Rxa3 31. Rxa3 Nxa3 32. Na6 Rd7 33. Rxc6 Rxd4 34. Rb6 h5 35. Nb8 Kh7 36. Nc6 Rd7 37. Rb8 Kg6 38. Ra8 Nc4 39. Rb8 Na3 40. Ra8 Nc4 41. Rb8 Rc7 42. Nd4 Na3 43. Kg2 Rc5 44. f4 Rc4 45. Rd8 b4 46. f5+ exf5 47. Rd6+ Kh7 48. e6 fxe6 49. Nxe6 Kg8 50. Ng5 Kf8 51. Rb6 Nc2 52. Ne6+ Kf7 53. Nd8+ Ke8 54. Nc6 Re4 55. Rb7 g6 56. Kf2 Ne1 57. Kf1 Nd3 58. Kg2 Rc4 59. Na5 Rg4 60. Kf3 Nc5 61. Rb6 Ne4 62. Nc6 Rxg3+ 63. Kf4 b3 64. Nd4 Kd7 65. Nxb3 Kc7 66. Rb4 Rg4+ 67. Ke5 Rxh4 68. Na5 Rg4 69. Rb7+ Kc8 70. Rh7 Rg1 71. Nc6 Ng5 72. Rg7 h4 73. Kd6 Rd1+ 74. Ke7 h3 75. Kf6 h2 76. Na7+ Kd8 77. Nc6+ Kc8 78. Na7+ Kd8 79. Nc6+ Ke8 80. Rg8+ Kd7 81. Rd8+ Kxc6 82. Rxd1 Nf3 83. Rh1 Kd5 84. Kxg6 Ke4 85. Kf6 Kf4 86. Ke6 Kg4 87. Kf6 f4 88. Ke6 Kg3 89. Kf5 Nh4+ 90. Ke4 f3 91. Ra1 f2 92. Ke3 Kg2 93. Ke2 Nf3 94. Rh1 Ng1+ 95. Ke3 f1Q 0-1

[Event "Mittelrhein Regionalliga 1415"]
[Site "Mittelrhein"]
[Date "2015.02.01"]
[Round "6.3"]
[White "Gaehler, Cornelius"]
[Black "Gikas, Andreas Basilius"]
[Result "1/2-1/2"]
[WhiteElo "2078"]
[BlackElo "2139"]
[PlyCount "29"]
[EventDate "2014.09.28"]
[EventType "team-tourn"]
[EventRounds "9"]
[EventCountry "GER"]
[SourceTitle "EXT 2023"]
[Source "ChessBase"]
[SourceDate "2022.10.05"]
[SourceVersion "1"]
[SourceVersionDate "2022.10.05"]
[SourceQuality "1"]
[WhiteTeam "Rheinbacher SF"]
[BlackTeam "Bonn Beuel"]
[WhiteTeamCountry "GER"]
[BlackTeamCountry "GER"]

1. d4 d5 2. Nf3 c6 3. Bf4 Qb6 4. Qc1 Bg4 5. e3 Nf6 6. Bd3 e6 7. Ne5 Bf5 8. Bxf5 exf5 9. h3 Nbd7 10. 0-0 Nxe5 11. Bxe5 Be7 12. Nd2 0-0 13. c4 Qd8 14. c5 Ne4 15. f3 1/2-1/2

[Event "GER-chT Betriebe 14th"]
[Site "Dresden"]
[Date "2014.11.22"]
[Round "6.3"]
[White "Gikas, Andreas Basilius"]
[Black "Rohne, Lars"]
[Result "1/2-1/2"]
[WhiteElo "2176"]
[BlackElo "2152"]
[PlyCount "90"]
[EventDate "2014.11.20"]
[EventType "team-swiss"]
[EventRounds "7"]
[EventCountry "GER"]
[SourceTitle "EXT 2020"]
[Source "ChessBase"]
[SourceDate "2019.10.17"]
[SourceVersion "1"]
[SourceVersionDate "2019.10.17"]
[SourceQuality "1"]
[WhiteTeam "Bonn Deutsche Post"]
[BlackTeam "Leipzig Publishing Services"]
[WhiteTeamCountry "GER"]
[BlackTeamCountry "GER"]

1. e4 d6 2. d4 Nf6 3. Nc3 c6 4. f4 Qa5 5. Bd3 e5 6. Nf3 Nbd7 7. Qe2 Be7 8. 0-0 0-0 9. Kh1 Qc7 10. a4 b6 11. Bc4 Bb7 12. dxe5 dxe5 13. fxe5 Nxe5 14. Nxe5 Qxe5 15. Rf5 Qb8 16. e5 Nd5 17. Qf3 Bc8 18. Nxd5 cxd5 19. Bxd5 Bxf5 20. Qxf5 Qd8 21. c4 Rc8 22. Bf4 Rc5 23. Qe4 Kh8 24. Be3 Rc7 25. Bd4 f6 26. Re1 fxe5 27. Bxe5 Bd6 28. Bxd6 Qxd6 29. g3 Rf6 30. Qe8+ Qf8 31. Kg2 Rc8 32. Qd7 Rd8 33. Qe7 Qxe7 34. Rxe7 a5 35. Rb7 g6 36. b3 Rfd6 37. h4 R8d7 38. Rb8+ Kg7 39. Kf3 Re7 40. Rg8+ Kf6 41. Kf4 h5 42. Rf8+ Kg7 43. Rg8+ Kh7 44. Rf8 Re1 45. Kg5 Re5+ 1/2-1/2

[Event "GER-chT Betriebe 14th"]
[Site "Dresden"]
[Date "2014.11.21"]
[Round "4.3"]
[White "Bischoff, Ulrich"]
[Black "Gikas, Andreas Basilius"]
[Result "0-1"]
[WhiteElo "2107"]
[BlackElo "2176"]
[PlyCount "108"]
[EventDate "2014.11.20"]
[EventType "team-swiss"]
[EventRounds "7"]
[EventCountry "GER"]
[SourceTitle "EXT 2020"]
[Source "ChessBase"]
[SourceDate "2019.10.17"]
[SourceVersion "1"]
[SourceVersionDate "2019.10.17"]
[SourceQuality "1"]
[WhiteTeam "Stuttgart Sparkassen-Vers"]
[BlackTeam "Bonn Deutsche Post"]
[WhiteTeamCountry "GER"]
[BlackTeamCountry "GER"]

1. e4 Nf6 2. e5 Nd5 3. d4 d6 4. Nf3 g6 5. Be2 Bg7 6. c4 Nb6 7. 0-0 0-0 8. Nc3 Nc6 9. Bf4 Bg4 10. exd6 cxd6 11. c5 dxc5 12. dxc5 Qxd1 13. Rfxd1 Bxc3 14. bxc3 Na4 15. Bb5 Bxf3 16. gxf3 Nxc3 17. Bxc6 bxc6 18. Re1 Nd5 19. Bg5 e6 20. Rab1 Rab8 21. h4 h5 22. Kg2 Nc3 23. Rxb8 Rxb8 24. Bf6 Nd5 25. Be5 Rb5 26. Bd6 Rb2 27. a4 Rb4 28. Re4 Rxe4 29. fxe4 Nc3 30. Kf3 Nxa4 31. e5 Nc3 32. Bc7 Nd5 33. Bd8 Kf8 34. Ke4 Ke8 35. Bg5 a5 36. Kd4 Kd7 37. Kc4 a4 38. Kd3 Kc8 39. Kc4 Kb7 40. Bd8 Ka6 41. Bg5 a3 42. Bc1 a2 43. Bb2 Ne7 44. Kb3 Kb5 45. Kxa2 Kc4 46. Bc1 Nf5 47. Bg5 Kxc5 48. Kb3 Kd4 49. Bf6 c5 50. Kc2 c4 51. Kd2 c3+ 52. Kc2 Kc4 53. Bd8 Nd4+ 54. Kb1 Kb3 0-1

[Event "Mittelrhein Regionalliga 1415"]
[Site "Mittelrhein"]
[Date "2014.10.19"]
[Round "2.4"]
[White "Van der Valk, Niklas"]
[Black "Gikas, Andreas Basilius"]
[Result "0-1"]
[WhiteElo "2018"]
[BlackElo "2109"]
[PlyCount "108"]
[EventDate "2014.09.28"]
[EventType "team-tourn"]
[EventRounds "9"]
[EventCountry "GER"]
[SourceTitle "EXT 2023"]
[Source "ChessBase"]
[SourceDate "2022.10.05"]
[SourceVersion "1"]
[SourceVersionDate "2022.10.05"]
[SourceQuality "1"]
[WhiteTeam "Godesberg III"]
[BlackTeam "Bonn Beuel"]
[WhiteTeamCountry "GER"]
[BlackTeamCountry "GER"]

1. d4 d5 2. c4 c6 3. e3 Bf5 4. Qb3 Qb6 5. cxd5 Qxb3 6. axb3 Bxb1 7. Rxb1 cxd5 8. Bd2 e6 9. Nf3 Nc6 10. Rc1 Bd6 11. Ba6 Nxd4 12. exd4 bxa6 13. Rc6 Kd7 14. Rxa6 h6 15. Ne5+ Bxe5 16. dxe5 Ne7 17. Rd6+ Kc8 18. Ba5 Rb8 19. b4 Rb7 20. Kd2 Kb8 21. g4 Ng6 22. Re1 Rc8 23. Rc1 Rxc1 24. Kxc1 Re7 25. Rd8+ Kb7 26. Rg8 Nxe5 27. Rxg7 Nd3+ 28. Kd2 Nxf2 29. Ke2 Ne4 30. h3 Rd7 31. Rg8 d4 32. Rd8 Rxd8 33. Bxd8 Kc6 34. Be7 Kd5 35. Bf8 h5 36. gxh5 Ng3+ 37. Kf3 Nxh5 38. Bc5 a6 39. Kg4 Nf6+ 40. Kf4 e5+ 41. Kf5 e4 42. Bb6 e3 43. b5 axb5 44. Kf4 Nh5+ 45. Kf3 f5 46. b3 f4 47. Ba7 d3 48. Bxe3 fxe3 49. Kxe3 Nf4 50. h4 Ke5 51. h5 Kf5 52. h6 Kg6 53. Kxf4 d2 54. h7 Kxh7 0-1